| Tag |
First Indicator |
Second Indicator |
Subfields |
| LEADER |
00000cjm a2200000 a 4500 |
| 001 |
in00001406760 |
| 005 |
20151020072917.0 |
| 007 |
sd fungnn|||ee |
| 008 |
911007p19911964xx opn di eng d |
| 019 |
|
|
|a 29064409
|
| 024 |
1 |
|
|a 7464462992
|
| 028 |
0 |
2 |
|a SM2K 46299
|b Sony Classical
|
| 033 |
0 |
0 |
|a 196406--
|b 5754
|c L7
|
| 035 |
|
|
|a (OCoLC)24510463
|
| 035 |
|
|
|9 AHQ3715AM
|
| 040 |
|
|
|a UUP
|c UUP
|d ENG
|d NPC
|d MNU
|d SXP
|d JED
|d TKN
|d CPL
|d TXA
|d UtOrBLW
|
| 041 |
0 |
|
|d eng
|e eng
|e ger
|e fre
|h eng
|g eng
|g ger
|g fre
|h eng
|
| 049 |
|
|
|a TXAM
|
| 090 |
|
|
|a M1500.S932
|b R35 1991
|
| 092 |
0 |
|
|a 782.1
|b STR
|2 20
|
| 100 |
1 |
|
|a Stravinsky, Igor,
|d 1882-1971.
|
| 245 |
1 |
4 |
|a The rake's progress /
|c Igor Stravinsky.
|
| 264 |
|
1 |
|a [Place of publication not identified] :
|b Sony Classical,
|c [1991]
|
| 264 |
|
4 |
|c ℗1991
|
| 300 |
|
|
|a 2 sound discs (141 min.) :
|b digital ;
|c 4 3/4 in.
|
| 306 |
|
|
|a 022100
|
| 336 |
|
|
|a performed music
|b prm
|2 rdacontent
|
| 337 |
|
|
|a audio
|b s
|2 rdamedia
|
| 338 |
|
|
|a audio disc
|b sd
|2 rdacarrier
|
| 490 |
1 |
|
|a Igor Stravinsky edition ;
|v v. 9
|
| 500 |
|
|
|a Compact discs.
|
| 500 |
|
|
|a Opera in 3 acts.
|
| 500 |
|
|
|a Libretto by W.H. Auden and Chester Kallman.
|
| 511 |
0 |
|
|a Judith Raskin, soprano ; Regina Sarfaty, mezzo-soprano ; Alexander Young, tenor ; John Reardon, baritone ; Don Garrard, bass ; other soloists ; Colin Tilney, harpsichord ; Sadler's Wells Opera Chorus ; Royal Philharmonic Orchestra ; Igor Stravinsky, conductor.
|
| 518 |
|
|
|a Recorded in London, June 1964.
|
| 500 |
|
|
|a Program notes by Igor Stravinsky and libretto, in English with German and French translations (168 pages : ill.) included.
|
| 500 |
|
|
|a Sound recording.
|
| 650 |
|
0 |
|a Operas.
|
| 700 |
1 |
|
|a Auden, W. H.
|q (Wystan Hugh),
|d 1907-1973,
|e librettist.
|
| 700 |
1 |
|
|a Kallman, Chester,
|d 1921-1975,
|e librettist.
|
| 700 |
1 |
|
|a Raskin, Judith,
|e performer.
|
| 700 |
1 |
|
|a Sarfaty, Regina,
|e performer.
|
| 700 |
1 |
|
|a Young, Alexander,
|d 1920-2000,
|e performer.
|
| 700 |
1 |
|
|a Reardon, John,
|d 1930-1988,
|e performer.
|
| 700 |
1 |
|
|a Garrard, Don,
|d 1929-2011,
|e performer.
|
| 700 |
1 |
|
|a Tilney, Colin,
|e performer.
|
| 700 |
1 |
|
|a Stravinsky, Igor,
|d 1882-1971,
|e conductor.
|
| 710 |
2 |
|
|a Sadler's Wells Opera Chorus,
|e performer.
|
| 710 |
2 |
|
|a Royal Philharmonic Orchestra,
|e performer.
|
| 800 |
1 |
|
|a Stravinsky, Igor,
|d 1882-1971.
|t Selections (Sony Classical) ;
|v v. 9.
|
| 948 |
|
|
|a c:jlg
|
| 999 |
|
|
|a MARS
|
| 999 |
f |
f |
|s c6b742fc-a925-3aef-aba4-78e1eb5c6d65
|i c73dabdb-c804-353f-84e3-2ff92cea31d8
|t 0
|
| 952 |
f |
f |
|p ric
|a Texas A&M University
|b Rellis Campus
|c Joint Library Facility
|d Remote Storage
|t 0
|e M1500.S932 R35 1991
|h Library of Congress classification
|i audio -- audio disc
|k booklet
|m A14823304755
|
| 952 |
f |
f |
|p ric
|a Texas A&M University
|b Rellis Campus
|c Joint Library Facility
|d Remote Storage
|t 0
|e M1500.S932 R35 1991
|h Library of Congress classification
|i audio -- audio disc
|k disc.1
|m A14826480063
|
| 998 |
f |
f |
|a M1500.S932 R35 1991
|s booklet
|t 0
|l Remote Storage
|